Statistics for Famous Dutch People

Click here to take the quiz!

General Stats

  • This quiz has been taken 47 times
  • The average score is 6 of 15

Answer Stats

CluePerson% Correct
Famous impressionist painter who famously cut off his own earVincent Van Gogh
100%
Visual artist known for his paintings during the Dutch Golden AgeRembrandt van Rijn
73%
Seafarer and explorer; was the first European to reach New Zealand and FijiAbel Tasman
55%
Professional football player and manager; won Ballon d'Or three timesJohan Cruyff
52%
Became King of England following the Glorious RevolutionWilliam of Orange
52%
One of the greatest guitarists of all time; frontman of the band named after himEddie Van Halen
50%
Exotic dancer who was convicted of being a spy for Germany during World War IMata Hari
50%
Businessman and scientist; referred to as 'the Father of Microbiology'Antonie van Leeuwenhoek
30%
Catholic theologian; one of the greatest scholars of the Northern RenaissanceDesiderius Erasmus
30%
Politician currently serving as Prime Minister of the NetherlandsMark Rutte
30%
Actor who played in movies such as 'Blade Runner' and 'Sin City'Rutger Hauer
20%
Professional heavyweight kickboxer, ranked number one globally by Combat PressRico Verhoeven
18%
Skilled admiral; known his victories during the Anglo-Dutch WarsMichiel de Ruyter
11%
Painter and art theoretician and contributor of the 'De Stijl' movementPiet Mondrian
11%
Engineer and inventor; builder of the first navigable submarine in 1620Cornelis Drebbel
5%

Score Distribution

Percentile by Number Answered

Percent of People with Each Score

Your Score History

You have not taken this quiz